Hamilton - Aaron Burr, Sir Lyrics - Statistics

General Stats
  • This quiz has been taken 3,936 times
  • The average score is 351 of 409
Answer Stats
Answer % Correct
a
100%
'a
100%
Aaron
99%
Burr,
99%
Burr!
99%
sir?
99%
sir
99%
Sir...
99%
sir.
99%
you
99%
You
99%
you?
99%
Are
98%
are
98%
I
98%
Me.
98%
me
98%
me!
98%
who
98%
Who
98%
Hamilton,
97%
I'm
97%
o'
97%
Alexander
96%
asking?
96%
for
96%
for...
96%
for?
96%
That
96%
that
96%
that:
96%
your
96%
at
95%
be
95%
be!
95%
depends.
95%
He
95%
he
95%
the
95%
The
95%
Who's
95%
an
94%
do
94%
do?
94%
of
94%
Of
94%
we
94%
have
93%
it?
93%
It
93%
it
93%
it,
93%
Pardon
93%
service,
93%
So
93%
so
93%
to
93%
To
93%
what
93%
What
93%
when
93%
get
92%
was
92%
course
91%
course!
91%
in
91%
is
91%
more
91%
more...
91%
No
91%
Oh,
91%
or
91%
sure,
91%
been
90%
know
90%
less
90%
looking
90%
my
90%
punched
90%
Smile
90%
Talk
90%
Yes!
90%
Yes
90%
yes
90%
You're
90%
you're
90%
again?"
89%
Don't
89%
don't
89%
let
89%
like
89%
...like
89%
not
89%
orphan.
89%
orphan
89%
want
89%
Can
88%
Graduate
88%
graduate
88%
It's
88%
it's
88%
nervous
88%
some
88%
them
88%
they
88%
where
88%
wish
88%
advice
87%
against
87%
before
87%
free
87%
free!
87%
getting
87%
heard
87%
him.
87%
parents'
87%
revolution.
87%
revolution!
87%
see
87%
stupid,
87%
stupid.
87%
there
87%
with
87%
did.
86%
dying
86%
looked
86%
may
86%
off
86%
then
86%
Then
86%
up
86%
Up
86%
well,
86%
Well,
86%
We'll
86%
we're
86%
yours.
86%
blur,
85%
buddy
85%
dead
85%
drink?
85%
fast?
85%
John
85%
nice
85%
passed
85%
said...
85%
said
85%
Show
85%
time
85%
time!
85%
war!
85%
would
85%
ahead?
84%
am
84%
how'd
84%
How'd
84%
offer
84%
place
84%
Princeton.
84%
Princeton
84%
study
84%
their
84%
wanted
84%
and
83%
buy
83%
mouth
83%
on
83%
run
83%
sort
83%
than
83%
three!
83%
two,
83%
Two
83%
could
82%
Fools
82%
name
82%
out
82%
wanna
82%
While
82%
wind
82%
workin'
82%
but
81%
can't
81%
"Come
81%
handles
81%
prove
81%
financials?
80%
God,
80%
gonna
80%
King
80%
serious
80%
this
80%
anyone
79%
join
79%
say
79%
stand
79%
talkin'
79%
What's
79%
Hercules
78%
if
78%
If
78%
Lafayette!
78%
set!
78%
sorts
78%
worth
78%
came
77%
from
77%
just
77%
Mulligan
77%
seeking
77%
talking,
77%
fall
76%
kid?
76%
mother
76%
nothing,
76%
Adams,
75%
bargained
75%
New
75%
pints
75%
York
75%
accelerated
74%
afar
74%
City
74%
mon
74%
Oui
74%
oui,
74%
best?
73%
Laurens
73%
revolutionary
73%
1776.
72%
drop
71%
Lancelot
71%
land
71%
Sam
71%
sex,
71%
Those
71%
bursar
70%
corsets...
70%
knowledge!
70%
sit.
70%
ami,
69%
four
69%
Give
69%
horses,
69%
je
69%
redcoats
69%
sets
69%
another
68%
lovin'
68%
hard
67%
us
67%
Let's
66%
Lock
66%
moi!
66%
raise
66%
son!
66%
spit.
66%
till
66%
verse,
66%
will
66%
daughters
65%
intercourse
65%
m'appelle
65%
"Bonsoir!"
64%
Good
64%
luck
63%
over
63%
these
63%
brew,
62%
pour
62%
stall
62%
what'll
62%
C'est
60%
couple
60%
prodigy
58%
revolution's
58%
ain't
56%
imminent.
54%
Tell
54%
chick-a
52%
toi!"
51%
"Casse
50%
cops
49%
pop
43%
ya
36%
Cuz
30%
collage!
27%
No matching quizzes found
Score Distribution
Percent of People with Each Score
Percentile by Number Answered
Your Score History
You have not taken this quiz